LEADER 00838nam0-22003011i-450- 001 990000009950403321 035 $a000000995 035 $aFED01000000995 035 $a(Aleph)000000995FED01 035 $a000000995 100 $a20011111d--------km-y0itay50------ba 101 0 $aita 105 $ay-------001yy 200 1 $aTelefonia automatica$eschemi e principi fondamentali$fR. Fuhrer$ga cura di G. Ginocchio. 205 $a2.ed. ampliata. 210 $aTorino$cLattes$d1955 215 $aX, 310 p.$cill.$d19 cm 610 0 $aTelefonia automatica 676 $a621.385 700 1$aFuhrer,$bR.$0331158 801 0$aIT$bUNINA$gRICA$2UNIMARC 901 $aBK 912 $a990000009950403321 952 $a13 B 51 17$b22557$fFINBC 959 $aFINBC 996 $aTelefonia automatica$9108019 997 $aUNINA DB $aING01 LEADER 00875nam0-22002891i-450- 001 990006357670403321 005 19980601 035 $a000635767 035 $aFED01000635767 035 $a(Aleph)000635767FED01 035 $a000635767 100 $a19980601d1996----km-y0itay50------ba 105 $a--------00-yy 200 1 $a<>kontrolle der Nachrichtendienste$eVergleichende Bestandsaufnahme, Praxis und Reform$fAlexander Hirsch 210 $aBerlin$cDuncker und Humblot$d1996 215 $a339 p.$d23 cm 225 1 $aSchriften zum öffentlichen Recht$v711 676 $a347.053 700 1$aHirsch,$bAlexander$0239037 801 0$aIT$bUNINA$gRICA$2UNIMARC 901 $aBK 912 $a990006357670403321 952 $aCOLLEZ. 147 (711)$b34134*$fFGBC 959 $aFGBC 996 $aKontrolle der Nachrichtendienste$9657629 997 $aUNINA DB $aGIU01